LEADER 01200nam0 2200313 450 001 000012388 005 20081117110503.0 100 $a20080605d1984----km-y0itay50------ba 101 0 $aita 102 $aIT 105 $ay-------001yy 200 1 $a<> crisi dell'imposizione progressiva sul reddito$fC. Cosciani, E. Longobardi, A. Pedone (e altri)$ga cura di Emilio Gerelli e Rolando Valiani 210 $aMilano$cFranco Angeli$d1984c 215 $a393 p.$ctab.$d22 cm 225 2 $aCollana dell'Istituto di Finanza dell'Università di Pavia$v13 410 0$12001$aCollana dell'Istituto di Finanza dell'Università di Pavia 500 10$a<> crisi dell'imposizione progressiva sul reddito$936092 610 1 $aTassazione, entrate e sussidi nazionali 700 1$aCosciani,$bCesare$0437433 701 1$aLongobardi,$bErnesto$0262446 701 1$aPedone,$bAntonio$0106578 702 1$aGerelli,$bEmilio 702 1$aValiani,$bRolando 801 0$aIT$bUNIPARTHENOPE$c20080605$gRICA$2UNIMARC 912 $a000012388 951 $a323/120$b5099$cNAVA2$d2008 951 $a323/119$b4126$cNAVA2$d2008 996 $aCrisi dell'imposizione progressiva sul reddito$936092 997 $aUNIPARTHENOPE LEADER 01280nam a2200289 i 4500 001 991000648789707536 005 20020507171742.0 008 940525s1993 it ||| | eng 035 $ab1073787x-39ule_inst 035 $aLE01300154$9ExL 040 $aDip.to Matematica$beng 082 0 $a001.64 084 $aAMS 68-06 084 $aAMS 68-XX 110 2 $aAssociazione italiana per il calcolo automatico$0292400 245 10$aAICA 93 International section :$bparallel and distributed architectures and algorithms :$bconference proceedings 22-24 settembre 1993 - Gallipoli (Lecce) /$cAssociazione Italiana per l'Informatica ed il Calcolo Automatico 260 $aBari :$bLaterza,$c1993 300 $axv, 319 p. ;$c24 cm 500 $aConference/Meeting Gallipoli 1993 650 4$aComputer science$xCongresses 907 $a.b1073787x$b21-09-06$c28-06-02 912 $a991000648789707536 945 $aLE013 68-XX AIC12 C.1 (1993)$g1$i2013000289151$lle013$o-$pE0.00$q-$rl$s- $t0$u0$v0$w0$x0$y.i1082831x$z28-06-02 945 $aLE013 68-XX AIC12 C.2 (1993)$g2$i2013000289168$lle013$o-$pE0.00$q-$rl$s- $t0$u0$v0$w0$x0$y.i10828321$z28-06-02 996 $aAICA 93 International section$9911050 997 $aUNISALENTO 998 $ale013$b01-01-94$cm$da $e-$feng$git $h0$i2 LEADER 01111nam0 22002891i 450 001 UON00515972 005 20231205105521.760 100 $a20230718d1999 |0itac50 ba 101 $aita 102 $aIT 105 $a|||| 1|||| 200 1 $aˆIl ‰mio carso$fScipio Slataper$gintroduzione di Giulio Cattaneo$gcommento di Roberto Damiani 210 $aMilano$cFabbri editori$d1999 215 $a177 p.$d18 cm. 410 1$1001UON00471938$12001 $aˆI ‰grandi classici della letteratura italiana 620 $aIT$dMilano$3UONL000005 676 $a853$cNarrativa italiana$v21 700 1$aSLATAPER$bScipio$3UONV175455$0158726 702 1$aCATTANEO$bGiulio$3UONV134531 702 1$aDAMIANI$bRoberto$3UONV210607 712 $aFratelli Fabbri$3UONV246758$4650 801 $aIT$bSOL$c20240220$gRICA 899 $aSIBA - SISTEMA BIBLIOTECARIO DI ATENEO$2UONSI 912 $aUON00515972 950 $aSIBA - SISTEMA BIBLIOTECARIO DI ATENEO$dSI ITA V 631 $eSI 44247 5 631 996 $aMio Carso$999307 997 $aUNIOR